Hacia el gobierno local que el país requiere

Na minha lista:
Detalhes bibliográficos
Autor principal: Arias Sánchez, Oscar
Formato: Texto
Publicado em: San José: OFIPLAN
Tags: Adicionar Tag
Sem tags, seja o primeiro a adicionar uma tag!

MARC

LEADER 00000 a a2200000 04500
001 17099
003
040
090 |a 007600  
100 |a Arias Sánchez, Oscar  
245 |a Hacia el gobierno local que el país requiere  
260 |a San José:   |b OFIPLAN  
300 |a 11 p.  
999 |c 6118  |d 6118